000 00459nam a22001577a 4500
005 20260514130918.0
008 180216b xxu||||| |||| 00| 0 eng d
020 _a0833034383
040 _cPK-LaUMT
082 _aPKAC 320.550917671
_bBEN-C
100 _aBenard , Cheryl
_911730
245 _aCivil democratic Islam: partners, resources, and strategies/
_cCheryl Benard
260 _aSanta Monica: CA
_bRAND corporation
_c2003
300 _a72
942 _cBK
999 _c103326
_d103326